Atatürk'ün yazdığı yurttaşlık bilgileri (Record no. 2443)

MARC details
000 -BAŞLIK
Sabit Uzunlukta Kontrol Alanı 00826na a2200253 4500
001 - KONTROL NUMARASI
Denetim Alanı 14199
003 - KONTROL NUMARASI IDENTIFIER
Denetim Alanı MIRAKIL
005 - SON İŞLEM TARİHİ VE ZAMANI
Denetim Alanı 20181213154857.0
008 - SABİT-BOY VERİ ELEMANLARI - GENEL BİLGİLER
Sabit Uzunlukta Kontrol Alanı 161019b tu 000 0
035 ## - SİSTEM KONTROL NUMARASI
Sistem Kontrol Numarası 14199
040 ## - KATALOGLAMA KAYNAK
Orijinal Kataloglama Ajansı Milas
Kataloglama Dili tur
Metne Dönüştürmek Ajansı TR-AnCHP
041 ## - DİL KODU
Metin / Ses Parça Veya Ayrı Başlığın Dil Kodu tur
082 ## - DEWEY ONLU SINIFLANDIRMA NUMARASI
Sınıflandırma Numarası ATA 323
Ürün Numarası A72 1997
090 ## - SINIFLAMA NUMARASI
Sınıflama Numarası ATA 323 A72 1997
245 ## - BAŞLIK TABLOSU
Başlık Atatürk'ün yazdığı yurttaşlık bilgileri
Sorumluluk Tablosu, Vb günümüz diline çevirip basıma hazırlayan Nuran Tezcan
260 ## - YAYIN, DAĞITIM, VB
Yayın, Dağıtım, Vb Yeri [İstanbul]
Yayıncı, Dağıtıcı, Vs Adı Cumhuriyet Kitapları
Yayın, Dağıtım, Vb Tarihi 1997
300 ## - FİZİKSEL TANIM
Kapsam 101 s.
Boyutlar 16 sm.
500 ## - GENEL NOT
Genel Not Cumhuriyet Gazetesinin okurlarına rmağanıdır.
600 ## - KONU KATMA GİRİŞ - KURUMSAL ADI
Kişisel Ad Atatürk, Mustafa Kemal
Bir Adıyla İlişkilendirilen Tarihler 1881-1938
Genel Alt Bölümü Siyasal ve sosyal görüşler
650 ## - KONU KATMA GİRİŞ - TOPİKAL DÖNEM
Topikal Süreli Veya Coğrafi Ad Giriş Elemanı Yurttaşlık
Genel Alt Bölümü El kitapları, vb.
Coğrafi Alt Bölümü Türkiye
650 ## - KONU KATMA GİRİŞ - TOPİKAL DÖNEM
Topikal Süreli Veya Coğrafi Ad Giriş Elemanı Atatürkçülük
700 ## - KATMA GİRİŞ - KİŞİSEL İSİM
Kişisel Ad Tezcan, Nuran
942 ## - EKLENDİ GİRİŞ ELEMANLARI (KOHA)
Sınıflandırma Veya Raf Düzeni Kaynak
Koha Öğesi Türü Books
999 ## - SİSTEM KONTROL NUMARALARI (KOHA)
Koha Biblionumber 2443
Koha Biblioitemnumber 2443
Holdings
Kalıcı Konum Mevcut Konum Edinme Tarihi Edinim Kaynak Toplam Check-Out'Lar Tam Çağrı Numarası Barkod Tarih Son Görülme İtibaren Geçerli Fiyatlar Koha Öğesi Türü Kopya Sayısı Kullanım Kısıtlamaları Sigara Kamu Notu
CHP Kütüphanesi CHP Kütüphanesi 09/03/2016 Bağış   ATA 323 A72 1997 004067 09/03/2016 09/03/2016 Books      
CHP Kütüphanesi CHP Kütüphanesi 08/25/2016 Bağış   ATA 323 A72 1997 006914 08/25/2016 08/25/2016 Books k.2    
CHP Kütüphanesi CHP Kütüphanesi 10/16/2020     ATA 323 A72 1997 019637 10/16/2020 10/16/2020 Books   Kütüphane dışına çıkarılamaz Emine Başak Alkan Bağışıdır.